| 000 | 00582 a2200181 4500 | ||
|---|---|---|---|
| 999 |
_c4285 _d4285 |
||
| 010 | _aENG-86231 | ||
| 020 |
_a9788120331563 _c350.00 |
||
| 035 | _aEN-69764 | ||
| 037 | _bDBAD / PUB | ||
| 082 | 1 | 4 | _a005.136 |
| 100 | _aRajat Moona | ||
| 245 | 1 |
_aAssembly language programming in GNU/Linux for IA32 architectures / _cby Rajat Moona |
|
| 260 |
_aNew Delhi _bPrentice-Hall of India _c2007 |
||
| 270 |
_aM-97, Connaught Circus _bNew Delhi _cNew Delhi _e110 001 |
||
| 300 |
_axi, 456p. _c24cm. (Pbk) |
||
| 500 | _aIncludes index | ||
| 942 |
_adpl _cEN _2ddc _h005.136 _mRAJ |
||